Plujeme do tmy : nokturno v českém umění (1800-1950) : 13.6.-28.9.2024 /

Hlavní autor: Zachař, Michael, 1965-
Korporativní autor: Galerie města Trutnova
Jazyk: Čeština
Vydáno: [Trutnov] : Galerie města Trutnova, [2024]
Témata:
Fyzický popis: 61 stran : barevné ilustrace ; 20 x 23 cm
Knihy
Uloženo v:
LEADER 01816nam a2200505 i 4500
001 nkc20243627798
003 CZ PrNK
005 20241126124944.0
007 ta
008 240826s2024 xr a e c 000 0dcze
020 |a 978-80-906537-6-4  |q (brožováno) 
040 |a BOA001  |b cze  |e rda 
043 |a e-xr--- 
045 |a w0x5 
072 7 |a 75  |x Malířství  |2 Konspekt  |9 21 
080 |a 75(437.3)  |2 MRF 
080 |a "345"  |2 MRF 
080 |a 7.04  |2 MRF 
080 |a (437.3)  |2 MRF 
080 |a (083.824)  |2 MRF 
100 1 |a Zachař, Michael,  |d 1965-  |7 jo2004249799  |4 aut 
245 1 0 |a Plujeme do tmy :  |b nokturno v českém umění (1800-1950) : 13.6.-28.9.2024 /  |c kurátor výstavy Michael Zachař 
264 1 |a [Trutnov] :  |b Galerie města Trutnova,  |c [2024] 
300 |a 61 stran :  |b barevné ilustrace ;  |c 20 x 23 cm 
336 |a text  |b txt  |2 rdacontent 
336 |a statický obraz  |b sti  |2 rdacontent 
337 |a bez média  |b n  |2 rdamedia 
338 |a svazek  |b nc  |2 rdacarrier 
500 |a Katalog ke stejnojmenné výstavě konané v Galerii města Trutnova 
648 4 |a 1800-1950 
648 7 |a 19.-20. století  |7 ch757015  |2 czenas 
650 0 7 |a české malířství  |7 ph116864  |y 19.-20. století  |2 czenas 
650 0 7 |a noční doba  |7 ph164213  |2 czenas 
650 0 7 |a umělecké náměty  |7 ph138227  |2 czenas 
650 0 9 |a Czech painting  |y 19th-20th centuries  |2 eczenas 
650 0 9 |a night time  |2 eczenas 
650 0 9 |a artistic themes  |2 eczenas 
655 7 |a katalogy výstav  |7 fd132536  |2 czenas 
655 9 |a exhibition catalogs  |2 eczenas 
710 2 |a Galerie města Trutnova  |7 kn20040531019  |4 orm  |4 isb 
910 2 |a BOA001  |b 2-1534.159 
990 |a BK 
995 |a 11 
991 |b 202411  |c NOV 
996 6 |b 2610983719  |c 2-1534.159  |l MZK  |r Sklad / do 1 hodiny  |n 0  |p p.v.  |w 001981950  |u 000010  |a 1  |e BOA001  |j MZK50  |s P